000 00577nam a2200169 4500
001 138535
003 ES-MaACL
005 20230906195601.0
007 t|
008 070214s1964 sp r ||||1| spa d
100 1 _aSans Ferrán, José María.
_9103206
245 1 3 _aLa industria española de curtidos en el siglo XVIII /
_cpor José Mª Sans Ferrán.
260 _aVich :
_bColomer Munmany,
_c1964 (
_eBarcelona :
_fImp. La Polígrafa)
300 _a50 p., 1 lám. col. :
_bil. ;
_c25 cm.
710 2 _aColomer Munmany (Vich)
_93001
852 _aES-MaACL
_jC-26599
_bR.55629
999 _c138535
_d138535